<?xml version="1.0" encoding="UTF-8"?>
<record
    xmlns:xsi="http://www.w3.org/2001/XMLSchema-instance"
    xsi:schemaLocation="http://www.loc.gov/MARC21/slim http://www.loc.gov/standards/marcxml/schema/MARC21slim.xsd"
    xmlns="http://www.loc.gov/MARC21/slim">

  <leader>01268nam0a2200337   4500</leader>
  <controlfield tag="001">RU\NLR\BIBL_A\022655725</controlfield>
  <controlfield tag="005">20260112152338.0</controlfield>
  <datafield tag="010" ind1=" " ind2=" ">
    <subfield code="a">978-5-04-210053-6</subfield>
    <subfield code="9">3000</subfield>
  </datafield>
  <datafield tag="021" ind1=" " ind2=" ">
    <subfield code="a">RU</subfield>
    <subfield code="b">&#x41A;&#x41D;-&#x41F;-25-054113</subfield>
    <subfield code="9">&#x41A;&#x41D;-&#x41F;-25-5217</subfield>
  </datafield>
  <datafield tag="035" ind1=" " ind2=" ">
    <subfield code="a">(NLR Aleph) 022655725</subfield>
  </datafield>
  <datafield tag="090" ind1=" " ind2=" ">
    <subfield code="a">13514266</subfield>
    <subfield code="c">13514266</subfield>
  </datafield>
  <datafield tag="100" ind1=" " ind2=" ">
    <subfield code="a">20251028d2025    a  y0rusy50      ca</subfield>
  </datafield>
  <datafield tag="101" ind1="1" ind2=" ">
    <subfield code="a">rus</subfield>
    <subfield code="c">jpn</subfield>
  </datafield>
  <datafield tag="102" ind1=" " ind2=" ">
    <subfield code="a">RU</subfield>
  </datafield>
  <datafield tag="105" ind1=" " ind2=" ">
    <subfield code="a">a   z   000ay</subfield>
  </datafield>
  <datafield tag="181" ind1=" " ind2="0">
    <subfield code="a">i3</subfield>
    <subfield code="b">axxe  </subfield>
  </datafield>
  <datafield tag="182" ind1=" " ind2="0">
    <subfield code="a">n</subfield>
  </datafield>
  <datafield tag="200" ind1="1" ind2=" ">
    <subfield code="a">&#x426;&#x438;&#x442;&#x430;&#x434;&#x435;&#x43B;&#x44C;</subfield>
    <subfield code="f">&#x424;&#x443;&#x43C;&#x438;&#x43A;&#x43E; &#x42D;&#x43D;&#x442;&#x438;</subfield>
    <subfield code="g">&#x43F;&#x435;&#x440;&#x435;&#x432;&#x43E;&#x434; &#x441; &#x44F;&#x43F;&#x43E;&#x43D;&#x441;&#x43A;&#x43E;&#x433;&#x43E; &#x413;&#x430;&#x43B;&#x438;&#x43D;&#x44B; &#x414;&#x443;&#x442;&#x43A;&#x438;&#x43D;&#x43E;&#x439;</subfield>
  </datafield>
  <datafield tag="203" ind1=" " ind2=" ">
    <subfield code="a">&#x422;&#x435;&#x43A;&#x441;&#x442;</subfield>
    <subfield code="b">&#x432;&#x438;&#x437;&#x443;&#x430;&#x43B;&#x44C;&#x43D;&#x44B;&#x439;</subfield>
    <subfield code="c">&#x43D;&#x435;&#x43F;&#x43E;&#x441;&#x440;&#x435;&#x434;&#x441;&#x442;&#x432;&#x435;&#x43D;&#x43D;&#x44B;&#x439;</subfield>
  </datafield>
  <datafield tag="210" ind1=" " ind2=" ">
    <subfield code="a">&#x41C;&#x43E;&#x441;&#x43A;&#x432;&#x430;</subfield>
    <subfield code="c">&#x42D;&#x43A;&#x441;&#x43C;&#x43E;</subfield>
    <subfield code="d">2025</subfield>
  </datafield>
  <datafield tag="215" ind1=" " ind2=" ">
    <subfield code="a">251, [3] &#x441;.</subfield>
    <subfield code="c">&#x438;&#x43B;.</subfield>
    <subfield code="d">19</subfield>
    <subfield code="e">1 &#x437;&#x430;&#x43A;&#x43B;&#x430;&#x434;&#x43A;&#x430;</subfield>
  </datafield>
  <datafield tag="225" ind1="1" ind2=" ">
    <subfield code="a">&#x41C;&#x430;&#x441;&#x43A;&#x43E;&#x442;</subfield>
    <subfield code="e">&#x43F;&#x443;&#x442;&#x435;&#x448;&#x435;&#x441;&#x442;&#x432;&#x438;&#x435; &#x432; &#x410;&#x437;&#x438;&#x44E; &#x441; &#x431;&#x435;&#x43B;&#x44B;&#x43C; &#x43A;&#x43E;&#x442;&#x43E;&#x43C;</subfield>
  </datafield>
  <datafield tag="333" ind1=" " ind2=" ">
    <subfield code="a">16+</subfield>
  </datafield>
  <datafield tag="686" ind1="1" ind2=" ">
    <subfield code="a">&#x428;6(5&#x42F;)67-440.4{&#x41B;&#x445;2318-50}</subfield>
  </datafield>
  <datafield tag="700" ind1=" " ind2="1">
    <subfield code="a">&#x42D;&#x43D;&#x442;&#x438;</subfield>
    <subfield code="b">&#x424;.</subfield>
    <subfield code="f">1905-1986</subfield>
    <subfield code="g">&#x424;&#x443;&#x43C;&#x438;&#x43A;&#x43E;</subfield>
    <subfield code="3">RU\NLR\AUTH\7729070</subfield>
  </datafield>
  <datafield tag="702" ind1=" " ind2="1">
    <subfield code="a">&#x414;&#x443;&#x442;&#x43A;&#x438;&#x43D;&#x430;</subfield>
    <subfield code="b">&#x413;.&#x411;.</subfield>
    <subfield code="g">&#x413;&#x430;&#x43B;&#x438;&#x43D;&#x430; &#x411;&#x43E;&#x440;&#x438;&#x441;&#x43E;&#x432;&#x43D;&#x430;</subfield>
    <subfield code="3">RU\NLR\AUTH\770239208</subfield>
    <subfield code="4">730</subfield>
  </datafield>
  <datafield tag="942" ind1=" " ind2=" ">
    <subfield code="c">BOOK</subfield>
  </datafield>
  <datafield tag="980" ind1=" " ind2=" ">
    <subfield code="a">NB</subfield>
  </datafield>
</record>
